[Event "Russian Championship (Rapid, Men)"]
[Site "Sochi"]
[Date "2018.10.05"]
[Round "1.1"]
[White "Uzhva, Andrey"]
[Black "Artemiev, Vladislav"]
[Result "0-1"]
[BlackElo "2764"]
[WhiteElo "2216"]
[LiveChessVersion "1.4.8"]

1. d4 {[%clk 0:15:17]} Nf6 {[%clk 0:15:16]} 2. Nf3 {[%clk 0:15:21]} g6
{[%clk 0:15:24]} 3. c4 {[%clk 0:15:26]} Bg7 {[%clk 0:15:31]} 4. g3
{[%clk 0:15:32]} d5 {[%clk 0:15:38]} 5. Nc3 {[%clk 0:15:14]} dxc4
{[%clk 0:15:29]} 6. Qa4+ {[%clk 0:14:50]} Nfd7 {[%clk 0:15:35]} 7. Qxc4
{[%clk 0:12:54]} Nb6 {[%clk 0:15:40]} 8. Qd3 {[%clk 0:12:26]} O-O
{[%clk 0:15:46]} 9. e4 {[%clk 0:12:06]} Nc6 {[%clk 0:15:17]} 10. d5
{[%clk 0:11:50]} Nb4 {[%clk 0:15:24]} 11. Qd1 {[%clk 0:11:46]} f5
{[%clk 0:15:25]} 12. e5 {[%clk 0:08:08]} N4xd5 {[%clk 0:15:19]} 13. Nxd5
{[%clk 0:07:21]} Qxd5 {[%clk 0:15:26]} 14. Qxd5+ {[%clk 0:07:23]} Nxd5
{[%clk 0:15:33]} 15. Bc4 {[%clk 0:07:25]} Rd8 {[%clk 0:15:39]} 16. Bg5
{[%clk 0:07:21]} Kf8 {[%clk 0:15:37]} 17. Rd1 {[%clk 0:07:24]} Be6
{[%clk 0:15:46]} 18. h4 {[%clk 0:06:41]} h6 {[%clk 0:15:25]} 19. Bd2
{[%clk 0:06:40]} Nf4 {[%clk 0:14:26]} 20. Bxe6 {[%clk 0:06:12]} Nxe6
{[%clk 0:14:33]} 21. Be3 {[%clk 0:06:17]} Rxd1+ {[%clk 0:14:34]} 22. Kxd1
{[%clk 0:06:26]} Rd8+ {[%clk 0:14:42]} 23. Ke2 {[%clk 0:06:27]} Rd5
{[%clk 0:14:47]} 24. Rc1 {[%clk 0:05:52]} Ke8 {[%clk 0:14:16]} 25. Bf4
{[%clk 0:04:06]} Kd7 {[%clk 0:13:26]} 26. b3 {[%clk 0:04:13]} c5 {[%clk 0:13:17]}
27. a4 {[%clk 0:04:00]} b6 {[%clk 0:13:20]} 28. Rc4 {[%clk 0:04:00]} Kc6
{[%clk 0:13:13]} 29. Rc1 {[%clk 0:04:01]} Nd4+ {[%clk 0:13:08]} 30. Nxd4+
{[%clk 0:03:37]} Rxd4 {[%clk 0:13:15]} 31. Be3 {[%clk 0:02:40]} Rb4
{[%clk 0:13:23]} 32. Rb1 {[%clk 0:02:49]} Bxe5 {[%clk 0:12:10]} 33. Bxh6
{[%clk 0:02:58]} c4 {[%clk 0:11:53]} 34. Rc1 {[%clk 0:03:03]} Kd5
{[%clk 0:11:58]} 35. bxc4+ {[%clk 0:03:07]} Rxc4 {[%clk 0:12:06]} 36. Rd1+
{[%clk 0:02:59]} Bd4 {[%clk 0:10:36]} 37. Be3 {[%clk 0:02:48]} Rxa4
{[%clk 0:10:39]} 38. Bxd4 {[%clk 0:02:00]} Rxd4 {[%clk 0:10:46]} 39. Ra1
{[%clk 0:02:08]} a5 {[%clk 0:10:53]} 40. f3 {[%clk 0:01:34]} a4 {[%clk 0:10:59]}
41. Ke3 {[%clk 0:01:43]} b5 {[%clk 0:11:02]} 42. Ra2 {[%clk 0:01:46]} e5
{[%clk 0:11:07]} 43. Ra1 {[%clk 0:01:45]} f4+ {[%clk 0:11:06]} 44. gxf4
{[%clk 0:01:54]} exf4+ {[%clk 0:11:15]} 45. Ke2 {[%clk 0:02:03]} Kc5
{[%clk 0:11:04]} 46. Rg1 {[%clk 0:02:09]} Rd6 {[%clk 0:11:08]} 0-1

[Event "Russian Championship (Rapid, Men)"]
[Site "Sochi"]
[Date "2018.10.05"]
[Round "1.5"]
[White "Oganyan, Arsen"]
[Black "Chigaev, Maksim"]
[Result "0-1"]
[BlackElo "2704"]
[WhiteElo "2171"]
[LiveChessVersion "1.4.8"]

1. e4 {[%clk 0:15:16]} c5 {[%clk 0:15:18]} 2. Nf3 {[%clk 0:15:15]} e6
{[%clk 0:15:26]} 3. d4 {[%clk 0:14:54]} cxd4 {[%clk 0:15:34]} 4. Nxd4
{[%clk 0:15:02]} Nc6 {[%clk 0:15:43]} 5. Nc3 {[%clk 0:14:58]} Qc7
{[%clk 0:15:51]} 6. Be3 {[%clk 0:14:37]} a6 {[%clk 0:15:58]} 7. Qf3
{[%clk 0:13:54]} Bd6 {[%clk 0:16:05]} 8. O-O-O {[%clk 0:10:37]} Be5
{[%clk 0:16:12]} 9. g3 {[%clk 0:07:19]} Nge7 {[%clk 0:16:09]} 10. Bg2
{[%clk 0:07:12]} b5 {[%clk 0:15:45]} 11. Nxc6 {[%clk 0:05:57]} Nxc6
{[%clk 0:14:58]} 12. Bf4 {[%clk 0:04:43]} O-O {[%clk 0:14:28]} 13. Ne2
{[%clk 0:03:58]} d6 {[%clk 0:13:33]} 14. Bxe5 {[%clk 0:03:55]} dxe5
{[%clk 0:13:40]} 15. Kb1 {[%clk 0:03:39]} b4 {[%clk 0:13:39]} 16. Qe3
{[%clk 0:02:44]} a5 {[%clk 0:13:25]} 17. Qc5 {[%clk 0:02:36]} Ba6
{[%clk 0:13:22]} 18. Rd6 {[%clk 0:02:10]} Rfc8 {[%clk 0:13:16]} 19. Nc1
{[%clk 0:02:03]} Nd4 {[%clk 0:13:11]} 20. Qxc7 {[%clk 0:01:59]} Rxc7
{[%clk 0:13:20]} 21. Bf1 {[%clk 0:01:51]} Bxf1 {[%clk 0:09:42]} 22. Rxf1
{[%clk 0:02:00]} Kf8 {[%clk 0:09:51]} 23. Nb3 {[%clk 0:01:49]} Nf3
{[%clk 0:08:23]} 24. Rfd1 {[%clk 0:01:07]} Nxh2 {[%clk 0:05:41]} 25. Rd8+
{[%clk 0:00:57]} Rxd8 {[%clk 0:05:49]} 26. Rxd8+ {[%clk 0:01:06]} Ke7
{[%clk 0:05:58]} 27. Ra8 {[%clk 0:00:45]} Ng4 {[%clk 0:06:02]} 28. f3
{[%clk 0:00:54]} Ne3 {[%clk 0:04:24]} 29. Rxa5 {[%clk 0:00:53]} Rxc2
{[%clk 0:04:11]} 30. Rb5 {[%clk 0:00:36]} Rc4 {[%clk 0:04:17]} 31. Rxe5
{[%clk 0:00:35]} Nf1 {[%clk 0:04:16]} 32. g4 {[%clk 0:00:31]} Nh2
{[%clk 0:04:20]} 33. Rc5 {[%clk 0:00:27]} Rxc5 {[%clk 0:04:21]} 34. Nxc5
{[%clk 0:00:36]} Nxf3 {[%clk 0:04:29]} 35. Nd3 {[%clk 0:00:44]} Nd2+
{[%clk 0:03:01]} 36. Kc2 {[%clk 0:00:54]} b3+ {[%clk 0:02:53]} 37. axb3
{[%clk 0:01:02]} Nxe4 {[%clk 0:03:02]} 38. b4 {[%clk 0:01:01]} Nd6
{[%clk 0:02:26]} 39. Kc3 {[%clk 0:01:04]} f5 {[%clk 0:02:17]} 40. gxf5
{[%clk 0:00:46]} exf5 {[%clk 0:02:26]} 41. Kd4 {[%clk 0:00:55]} g5
{[%clk 0:02:02]} 42. Ke5 {[%clk 0:00:49]} f4 {[%clk 0:01:56]} 43. Nf2
{[%clk 0:00:30]} f3 {[%clk 0:01:02]} 44. b5 {[%clk 0:00:37]} h5 {[%clk 0:01:09]}
45. b6 {[%clk 0:00:43]} g4 {[%clk 0:01:18]} 46. Kf4 {[%clk 0:00:52]} Kd7
{[%clk 0:01:11]} 47. Nh1 {[%clk 0:01:01]} Kc6 {[%clk 0:00:17]} 48. Ng3
{[%clk 0:00:58]} f2 {[%clk 0:00:26]} 49. Nf1 {[%clk 0:00:38]} Kxb6
{[%clk 0:00:18]} 50. Kg3 {[%clk 0:00:12]} Kc5 {[%clk 0:00:19]} 51. Kxf2
{[%clk 0:00:20]} Kd4 {[%clk 0:00:27]} 52. Kg3 {[%clk 0:00:27]} Ne4+
{[%clk 0:00:12]} 53. Kh4 {[%clk 0:00:30]} Nf6 {[%clk 0:00:17]} 54. Kg5
{[%clk 0:00:37]} Ke5 {[%clk 0:00:20]} 55. Nh2 {[%clk 0:00:19]} Ke4
{[%clk 0:00:16]} 56. Kh4 {[%clk 0:00:13]} Ke3 {[%clk 0:00:15]} 57. Nf1+
{[%clk 0:00:22]} Kf3 {[%clk 0:00:20]} 58. Ng3 {[%clk 0:00:30]} Nd5
{[%clk 0:00:22]} 59. Nxh5 {[%clk 0:00:38]} Nf4 {[%clk 0:00:29]} 60. Nf6
{[%clk 0:00:17]} g3 {[%clk 0:00:37]} 61. Ne4 {[%clk 0:00:18]} g2 {[%clk 0:00:42]}
62. Ng5+ {[%clk 0:00:17]} Ke3 {[%clk 0:00:47]} 0-1

[Event "Russian Championship (Rapid, Men)"]
[Site "Sochi"]
[Date "2018.10.05"]
[Round "1.7"]
[White "Indzhiev, Aldar"]
[Black "Matlakov, Maxim"]
[Result "0-1"]
[BlackElo "2678"]
[WhiteElo "2167"]
[LiveChessVersion "1.4.8"]

1. d4 {[%clk 0:15:13]} Nf6 {[%clk 0:15:18]} 2. Bg5 {[%clk 0:15:20]} c5
{[%clk 0:15:22]} 3. dxc5 {[%clk 0:15:17]} Ne4 {[%clk 0:15:19]} 4. h4
{[%clk 0:15:24]} Na6 {[%clk 0:15:19]} 5. Qd4 {[%clk 0:15:13]} Naxc5
{[%clk 0:15:19]} 6. Nd2 {[%clk 0:15:16]} Nxd2 {[%clk 0:14:20]} 7. Bxd2
{[%clk 0:13:48]} d6 {[%clk 0:14:28]} 8. e4 {[%clk 0:10:55]} e5 {[%clk 0:14:36]}
9. Qe3 {[%clk 0:11:03]} Be7 {[%clk 0:14:44]} 10. Nf3 {[%clk 0:10:50]} O-O
{[%clk 0:14:46]} 11. O-O-O {[%clk 0:09:21]} Qc7 {[%clk 0:14:26]} 12. Kb1
{[%clk 0:09:11]} Qc6 {[%clk 0:14:06]} 13. Bb4 {[%clk 0:07:52]} Nd7
{[%clk 0:08:16]} 14. g4 {[%clk 0:07:28]} a5 {[%clk 0:08:18]} 15. Qa3
{[%clk 0:05:34]} axb4 {[%clk 0:08:25]} 16. Qxa8 {[%clk 0:05:41]} Nc5
{[%clk 0:08:14]} 17. Qa5 {[%clk 0:05:35]} Bxg4 {[%clk 0:08:18]} 18. Bg2
{[%clk 0:04:39]} Qxe4 {[%clk 0:08:20]} 19. Rde1 {[%clk 0:03:59]} Qf4
{[%clk 0:08:23]} 20. Ng5 {[%clk 0:02:53]} Bf5 {[%clk 0:08:17]} 21. Bd5
{[%clk 0:01:38]} Bxg5 {[%clk 0:08:06]} 22. hxg5 {[%clk 0:01:44]} Qd2
{[%clk 0:08:11]} 23. Bb3 {[%clk 0:00:30]} b6 {[%clk 0:08:20]} 24. Qa7
{[%clk 0:00:30]} Nxb3 {[%clk 0:08:25]} 25. axb3 {[%clk 0:00:39]} Qxc2+
{[%clk 0:08:25]} 26. Ka1 {[%clk 0:00:23]} Qc6 {[%clk 0:08:34]} 27. Rc1
{[%clk 0:00:23]} Ra8 {[%clk 0:08:42]} 0-1

[Event "Russian Championship (Rapid, Men)"]
[Site "Sochi"]
[Date "2018.10.05"]
[Round "1.10"]
[White "Alekseenko, Kirill"]
[Black "Daurbekov, Murad"]
[Result "1-0"]
[BlackElo "2145"]
[WhiteElo "2668"]
[LiveChessVersion "1.4.8"]

1. e4 {[%clk 0:15:16]} e6 {[%clk 0:15:16]} 2. d4 {[%clk 0:15:24]} d5
{[%clk 0:15:25]} 3. Nd2 {[%clk 0:15:31]} c5 {[%clk 0:15:26]} 4. Ngf3
{[%clk 0:15:35]} cxd4 {[%clk 0:15:25]} 5. Nxd4 {[%clk 0:15:43]} Nf6
{[%clk 0:15:14]} 6. exd5 {[%clk 0:15:48]} Qxd5 {[%clk 0:14:24]} 7. Nb5
{[%clk 0:15:55]} Na6 {[%clk 0:13:32]} 8. Nc3 {[%clk 0:16:00]} Qd8
{[%clk 0:13:03]} 9. Be2 {[%clk 0:15:14]} Be7 {[%clk 0:12:25]} 10. O-O
{[%clk 0:15:15]} O-O {[%clk 0:12:33]} 11. Bf3 {[%clk 0:15:17]} Nc5
{[%clk 0:12:03]} 12. Nc4 {[%clk 0:14:52]} Bd7 {[%clk 0:09:54]} 13. Ne5
{[%clk 0:14:01]} Be8 {[%clk 0:08:32]} 14. Bf4 {[%clk 0:13:31]} Qc8
{[%clk 0:07:57]} 15. Qe2 {[%clk 0:12:49]} a6 {[%clk 0:06:18]} 16. Nc4
{[%clk 0:12:38]} Ra7 {[%clk 0:03:58]} 17. Rfd1 {[%clk 0:12:13]} Bc6
{[%clk 0:03:36]} 18. Nd6 {[%clk 0:10:56]} Bxd6 {[%clk 0:03:07]} 19. Bxd6
{[%clk 0:11:03]} Bxf3 {[%clk 0:03:14]} 20. Qxf3 {[%clk 0:11:10]} Rd8
{[%clk 0:02:38]} 21. Bxc5 {[%clk 0:11:13]} 1-0

[Event "Russian Championship (Rapid, Men)"]
[Site "Sochi"]
[Date "2018.10.05"]
[Round "1.12"]
[White "Grachev, Boris"]
[Black "Gimadutdinov, Ilnur"]
[Result "1-0"]
[BlackElo "2142"]
[WhiteElo "2667"]
[LiveChessVersion "1.4.8"]

1. d4 {[%clk 0:15:13]} Nf6 {[%clk 0:15:19]} 2. Bf4 {[%clk 0:15:14]} g6
{[%clk 0:15:25]} 3. Nc3 {[%clk 0:15:17]} d5 {[%clk 0:15:26]} 4. Qd2
{[%clk 0:15:02]} Bg7 {[%clk 0:14:26]} 5. Bh6 {[%clk 0:15:01]} O-O
{[%clk 0:14:35]} 6. Bxg7 {[%clk 0:14:14]} Kxg7 {[%clk 0:14:44]} 7. O-O-O
{[%clk 0:14:08]} a6 {[%clk 0:14:39]} 8. f3 {[%clk 0:13:31]} b5 {[%clk 0:14:46]}
9. e4 {[%clk 0:13:38]} b4 {[%clk 0:14:27]} 10. Nxd5 {[%clk 0:13:45]} Nxd5
{[%clk 0:14:28]} 11. exd5 {[%clk 0:13:53]} Qxd5 {[%clk 0:14:35]} 12. Qxb4
{[%clk 0:13:01]} Nc6 {[%clk 0:13:52]} 13. Qc5 {[%clk 0:12:49]} Qxc5
{[%clk 0:13:54]} 14. dxc5 {[%clk 0:12:57]} Be6 {[%clk 0:12:54]} 15. Ne2
{[%clk 0:12:18]} a5 {[%clk 0:12:04]} 16. a3 {[%clk 0:12:13]} a4 {[%clk 0:11:47]}
17. Nf4 {[%clk 0:11:58]} Ra5 {[%clk 0:11:30]} 18. Nxe6+ {[%clk 0:10:55]} fxe6
{[%clk 0:11:39]} 19. Rd7 {[%clk 0:11:02]} Rc8 {[%clk 0:11:37]} 20. Bc4
{[%clk 0:11:09]} Kf6 {[%clk 0:11:38]} 21. Re1 {[%clk 0:09:47]} Ne5
{[%clk 0:11:16]} 22. Rd4 {[%clk 0:09:49]} Rxc5 {[%clk 0:11:06]} 23. Ba2
{[%clk 0:09:21]} g5 {[%clk 0:11:01]} 24. Re3 {[%clk 0:08:59]} Ra8
{[%clk 0:07:09]} 25. h4 {[%clk 0:08:22]} h6 {[%clk 0:04:32]} 26. f4
{[%clk 0:08:30]} Nc6 {[%clk 0:03:24]} 27. fxg5+ {[%clk 0:08:07]} hxg5
{[%clk 0:03:27]} 28. Rxe6+ {[%clk 0:08:12]} Kf5 {[%clk 0:02:39]} 29. g4#
{[%clk 0:08:19]} 1-0

[Event "Russian Championship (Rapid, Men)"]
[Site "Sochi"]
[Date "2018.10.05"]
[Round "1.23"]
[White "Kirillov, Dmitry"]
[Black "Kobalia, Mikhail"]
[Result "0-1"]
[BlackElo "2617"]
[WhiteElo "2080"]
[LiveChessVersion "1.4.8"]

1. e4 {[%clk 0:15:19]} c5 {[%clk 0:15:18]} 2. Nf3 {[%clk 0:15:28]} e6
{[%clk 0:15:27]} 3. d4 {[%clk 0:15:37]} cxd4 {[%clk 0:15:36]} 4. Nxd4
{[%clk 0:15:46]} Nc6 {[%clk 0:15:45]} 5. Nc3 {[%clk 0:15:50]} a6 {[%clk 0:15:54]}
6. Be3 {[%clk 0:15:50]} Nf6 {[%clk 0:15:56]} 7. Nxc6 {[%clk 0:15:42]} bxc6
{[%clk 0:16:04]} 8. e5 {[%clk 0:15:47]} Nd5 {[%clk 0:16:12]} 9. Nxd5
{[%clk 0:15:55]} cxd5 {[%clk 0:16:15]} 10. c3 {[%clk 0:15:55]} a5
{[%clk 0:16:08]} 11. Qg4 {[%clk 0:15:28]} h5 {[%clk 0:16:11]} 12. Qa4
{[%clk 0:15:09]} Be7 {[%clk 0:16:06]} 13. Be2 {[%clk 0:14:40]} Ba6
{[%clk 0:15:26]} 14. Bxa6 {[%clk 0:14:36]} Rxa6 {[%clk 0:15:36]} 15. O-O
{[%clk 0:14:31]} Rc6 {[%clk 0:15:30]} 16. Rac1 {[%clk 0:13:48]} Qc7
{[%clk 0:14:01]} 17. Bd4 {[%clk 0:11:33]} O-O {[%clk 0:14:01]} 18. Qd1
{[%clk 0:11:12]} g6 {[%clk 0:14:07]} 19. Qd2 {[%clk 0:11:10]} Rb8
{[%clk 0:14:10]} 20. Rc2 {[%clk 0:10:36]} a4 {[%clk 0:14:18]} 21. a3
{[%clk 0:08:58]} Bc5 {[%clk 0:13:48]} 22. Bxc5 {[%clk 0:07:54]} Rxc5
{[%clk 0:13:57]} 23. f4 {[%clk 0:08:01]} Rc4 {[%clk 0:13:42]} 24. Rf3
{[%clk 0:06:32]} Rc8 {[%clk 0:13:31]} 25. Rd3 {[%clk 0:06:08]} Qc5+
{[%clk 0:13:10]} 26. Kh1 {[%clk 0:05:12]} Re4 {[%clk 0:13:16]} 27. Rc1
{[%clk 0:04:46]} Qb5 {[%clk 0:13:08]} 28. g3 {[%clk 0:03:56]} d4 {[%clk 0:12:36]}
29. Rc2 {[%clk 0:01:25]} Re3 {[%clk 0:10:40]} 0-1

[Event "Russian Championship (Rapid, Men)"]
[Site "Sochi"]
[Date "2018.10.05"]
[Round "1.25"]
[White "Mumdgan, Suren"]
[Black "Sarana, Alexey"]
[Result "0-1"]
[BlackElo "2612"]
[WhiteElo "2076"]
[LiveChessVersion "1.4.8"]

1. d4 Nf6 2. c4 g6 3. Nc3 d5 4. cxd5 Nxd5 5. e4 Nxc3 6. bxc3 Bg7 7. Nf3 c5 8. Rb1
O-O 9. Be2 cxd4 10. cxd4 Qa5+ 11. Qd2 {[%clk 0:16:12]} Nc6 {[%clk 0:16:36]} 12.
Qxa5 {[%clk 0:15:59]} Nxa5 {[%clk 0:16:44]} 13. Ba3 {[%clk 0:15:24]} Bg4
{[%clk 0:16:21]} 14. d5 {[%clk 0:13:57]} f5 {[%clk 0:14:53]} 15. Bxe7
{[%clk 0:11:11]} Rfe8 {[%clk 0:14:17]} 16. Bb4 {[%clk 0:10:28]} fxe4
{[%clk 0:12:43]} 17. Nd2 {[%clk 0:09:38]} e3 {[%clk 0:09:05]} 18. Nf3
{[%clk 0:06:04]} b6 {[%clk 0:08:24]} 19. Bxa5 {[%clk 0:05:26]} bxa5
{[%clk 0:08:33]} 20. Rb3 {[%clk 0:02:28]} Rac8 {[%clk 0:08:06]} 21. Rxe3
{[%clk 0:01:22]} Rc1+ {[%clk 0:07:16]} 22. Bd1 {[%clk 0:01:31]} Bc3+
{[%clk 0:06:56]} 23. Ke2 {[%clk 0:01:23]} Rd8 {[%clk 0:07:04]} 24. Rd3
{[%clk 0:01:09]} Bf5 {[%clk 0:07:06]} 25. Re3 {[%clk 0:00:46]} Bc8
{[%clk 0:07:09]} 26. Ne5 {[%clk 0:00:25]} Ba6+ {[%clk 0:06:43]} 27. Kf3
{[%clk 0:00:21]} Bd4 {[%clk 0:06:43]} 28. Nc6 {[%clk 0:00:22]} Rf8+
{[%clk 0:06:49]} 0-1

[Event "Russian Championship (Rapid, Men)"]
[Site "Sochi"]
[Date "2018.10.05"]
[Round "1.28"]
[White "Demidov, Mikhail"]
[Black "Potapenko, D."]
[Result "1-0"]
[BlackElo "2071"]
[WhiteElo "2595"]
[LiveChessVersion "1.4.8"]

1. Nf3 {[%clk 0:15:15]} d5 {[%clk 0:15:13]} 2. g3 {[%clk 0:15:23]} Nc6
{[%clk 0:15:20]} 3. c4 {[%clk 0:15:14]} d4 {[%clk 0:15:25]} 4. Bg2
{[%clk 0:15:20]} e5 {[%clk 0:15:31]} 5. O-O {[%clk 0:15:15]} e4 {[%clk 0:13:58]}
6. Ne1 {[%clk 0:15:14]} Nf6 {[%clk 0:14:05]} 7. d3 {[%clk 0:15:17]} Bf5
{[%clk 0:13:33]} 8. Bg5 {[%clk 0:15:05]} exd3 {[%clk 0:10:08]} 9. exd3
{[%clk 0:15:09]} h6 {[%clk 0:09:38]} 10. Bxf6 {[%clk 0:15:07]} Qxf6
{[%clk 0:09:44]} 11. Nd2 {[%clk 0:15:11]} h5 {[%clk 0:07:25]} 12. h4
{[%clk 0:14:44]} Bg4 {[%clk 0:07:04]} 13. Nef3 {[%clk 0:14:13]} Qf5
{[%clk 0:06:07]} 14. Re1+ {[%clk 0:13:02]} Be7 {[%clk 0:05:53]} 15. Qb3
{[%clk 0:11:20]} Rb8 {[%clk 0:05:20]} 16. Qa3 {[%clk 0:09:13]} Kf8
{[%clk 0:04:32]} 17. Rxe7 {[%clk 0:08:15]} Nxe7 {[%clk 0:04:38]} 18. Re1
{[%clk 0:07:14]} Qf6 {[%clk 0:04:06]} 19. Qxa7 {[%clk 0:05:39]} Nc6
{[%clk 0:03:53]} 20. Qa3+ {[%clk 0:05:13]} Qd6 {[%clk 0:03:56]} 21. c5
{[%clk 0:05:18]} Qf6 {[%clk 0:03:16]} 22. b4 {[%clk 0:05:22]} Re8
{[%clk 0:02:55]} 23. Rxe8+ {[%clk 0:04:43]} Kxe8 {[%clk 0:03:03]} 24. b5
{[%clk 0:04:47]} Nd8 {[%clk 0:03:03]} 25. Ne4 {[%clk 0:04:49]} Qe7
{[%clk 0:02:51]} 26. Qb4 {[%clk 0:03:46]} Ne6 {[%clk 0:02:25]} 27. Nxd4
{[%clk 0:03:40]} f5 {[%clk 0:01:56]} 28. Nxe6 {[%clk 0:03:00]} fxe4
{[%clk 0:01:54]} 29. Nf4 {[%clk 0:03:09]} e3 {[%clk 0:01:39]} 30. fxe3
{[%clk 0:03:03]} Qxe3+ {[%clk 0:01:45]} 31. Kh2 {[%clk 0:03:11]} g5
{[%clk 0:01:22]} 32. hxg5 {[%clk 0:02:03]} h4 {[%clk 0:01:25]} 33. Qe4+
{[%clk 0:02:12]} Qxe4 {[%clk 0:01:32]} 34. Bxe4 {[%clk 0:02:20]} hxg3+
{[%clk 0:00:58]} 35. Kxg3 {[%clk 0:02:28]} Bd7 {[%clk 0:00:57]} 36. a4
{[%clk 0:02:29]} c6 {[%clk 0:00:51]} 37. d4 {[%clk 0:01:47]} Kf7 {[%clk 0:00:35]}
38. Ng6 {[%clk 0:01:44]} Rh3+ {[%clk 0:00:32]} 39. Kf4 {[%clk 0:01:52]} cxb5
{[%clk 0:00:23]} 40. Ne5+ {[%clk 0:01:17]} Ke7 {[%clk 0:00:29]} 41. axb5
{[%clk 0:00:43]} Bxb5 {[%clk 0:00:31]} 42. Bxb7 {[%clk 0:00:43]} Rh4+
{[%clk 0:00:35]} 43. Ke3 {[%clk 0:00:47]} Ke6 {[%clk 0:00:28]} 44. Bf3
{[%clk 0:00:38]} Kf5 {[%clk 0:00:24]} 45. g6 {[%clk 0:00:41]} Kf6
{[%clk 0:00:29]} 46. c6 {[%clk 0:00:31]} Rh8 {[%clk 0:00:22]} 47. Be4
{[%clk 0:00:28]} Re8 {[%clk 0:00:16]} 48. Kf4 {[%clk 0:00:35]} Ba6
{[%clk 0:00:22]} 49. Nd7+ {[%clk 0:00:27]} Kg7 {[%clk 0:00:27]} 50. d5
{[%clk 0:00:34]} Bc8 {[%clk 0:00:34]} 51. Nb6 {[%clk 0:00:33]} Rf8+
{[%clk 0:00:41]} 52. Ke5 {[%clk 0:00:41]} Re8+ {[%clk 0:00:46]} 53. Kd4
{[%clk 0:00:50]} Ba6 {[%clk 0:00:20]} 54. c7 {[%clk 0:00:55]} Kf6
{[%clk 0:00:25]} 55. d6 {[%clk 0:01:02]} Ke6 {[%clk 0:00:18]} 56. d7
{[%clk 0:01:09]} Kd5+ 1-0

[Event "Russian Championship (Rapid, Men)"]
[Site "Sochi"]
[Date "2018.10.05"]
[Round "1.32"]
[White "Maletin, Pavel"]
[Black "Kharitonov, Egor"]
[Result "1-0"]
[BlackElo "2030"]
[WhiteElo "2570"]
[LiveChessVersion "1.4.8"]

1. c4 {[%clk 0:15:18]} e6 {[%clk 0:15:18]} 2. g3 {[%clk 0:15:26]} d5
{[%clk 0:15:26]} 3. Bg2 {[%clk 0:15:35]} Nf6 {[%clk 0:15:34]} 4. Nf3
{[%clk 0:15:44]} Be7 {[%clk 0:15:42]} 5. O-O {[%clk 0:15:50]} O-O
{[%clk 0:15:50]} 6. d4 {[%clk 0:15:59]} Nbd7 {[%clk 0:15:58]} 7. Qc2
{[%clk 0:16:03]} c6 {[%clk 0:16:06]} 8. b3 {[%clk 0:16:08]} b6 {[%clk 0:16:12]}
9. Rd1 {[%clk 0:16:16]} Bb7 {[%clk 0:16:20]} 10. Nc3 {[%clk 0:16:24]} Ba6
{[%clk 0:16:29]} 11. Bf4 {[%clk 0:14:47]} Nh5 {[%clk 0:16:11]} 12. Be5
{[%clk 0:14:05]} Nxe5 {[%clk 0:08:17]} 13. dxe5 {[%clk 0:12:52]} Qc7
{[%clk 0:07:13]} 14. Qd2 {[%clk 0:12:52]} g6 {[%clk 0:07:13]} 15. cxd5
{[%clk 0:12:36]} cxd5 {[%clk 0:07:21]} 16. Rac1 {[%clk 0:12:37]} Ba3
{[%clk 0:06:06]} 17. g4 {[%clk 0:11:40]} Bxc1 {[%clk 0:05:15]} 18. Rxc1
{[%clk 0:11:47]} Ng7 {[%clk 0:05:23]} 19. Qh6 {[%clk 0:09:29]} f6
{[%clk 0:04:24]} 20. Nxd5 {[%clk 0:09:20]} Qxc1+ {[%clk 0:04:28]} 21. Qxc1
{[%clk 0:09:29]} exd5 {[%clk 0:04:37]} 22. Nd4 {[%clk 0:08:05]} Bb7
{[%clk 0:02:53]} 23. exf6 {[%clk 0:08:10]} Rxf6 {[%clk 0:02:59]} 24. Qg5
{[%clk 0:08:19]} Raf8 {[%clk 0:02:09]} 25. Bxd5+ {[%clk 0:08:27]} Bxd5
{[%clk 0:02:17]} 26. Qxd5+ {[%clk 0:08:35]} Kh8 {[%clk 0:02:26]} 27. f3
{[%clk 0:08:43]} Ne8 {[%clk 0:02:25]} 28. Ne6 {[%clk 0:08:29]} R8f7
{[%clk 0:02:31]} 29. g5 {[%clk 0:08:35]} Rf5 {[%clk 0:01:36]} 30. Qd8
{[%clk 0:08:43]} 1-0

[Event "Russian Championship (Rapid, Men)"]
[Site "Sochi"]
[Date "2018.10.05"]
[Round "1.35"]
[White "Averyanov, Grigori"]
[Black "Shcherbakov, Ruslan"]
[Result "0-1"]
[BlackElo "2555"]
[WhiteElo "2020"]
[LiveChessVersion "1.4.8"]

1. Nf3 {[%clk 0:15:17]} Nf6 {[%clk 0:15:08]} 2. g3 {[%clk 0:15:25]} b5
{[%clk 0:15:11]} 3. Bg2 {[%clk 0:15:05]} Bb7 {[%clk 0:15:20]} 4. a4
{[%clk 0:14:27]} b4 {[%clk 0:15:26]} 5. a5 {[%clk 0:14:24]} e6 {[%clk 0:15:06]}
6. O-O {[%clk 0:13:29]} Be7 {[%clk 0:15:05]} 7. c3 {[%clk 0:13:30]} Na6
{[%clk 0:14:59]} 8. d4 {[%clk 0:12:09]} O-O {[%clk 0:15:04]} 9. Bf4
{[%clk 0:11:39]} Qc8 {[%clk 0:14:38]} 10. cxb4 {[%clk 0:11:06]} Nxb4
{[%clk 0:14:35]} 11. Nc3 {[%clk 0:11:12]} Nbd5 {[%clk 0:13:17]} 12. Nxd5
{[%clk 0:10:07]} Nxd5 {[%clk 0:13:23]} 13. Bd2 {[%clk 0:09:28]} Rb8
{[%clk 0:13:22]} 14. Re1 {[%clk 0:07:47]} Nf6 {[%clk 0:12:26]} 15. Bc3
{[%clk 0:03:22]} Be4 {[%clk 0:10:27]} 16. Nd2 {[%clk 0:02:47]} Bxg2
{[%clk 0:10:19]} 17. Kxg2 {[%clk 0:02:55]} d5 {[%clk 0:10:16]} 18. Rc1
{[%clk 0:02:20]} Rb5 {[%clk 0:09:41]} 19. Nf3 {[%clk 0:01:28]} Qb7
{[%clk 0:09:36]} 20. Ne5 {[%clk 0:01:32]} c5 {[%clk 0:09:34]} 21. Kg1
{[%clk 0:00:47]} Ne4 {[%clk 0:09:09]} 22. f3 {[%clk 0:00:50]} Nxc3
{[%clk 0:09:03]} 23. bxc3 {[%clk 0:00:59]} Rxa5 {[%clk 0:08:55]} 24. Qd3
{[%clk 0:01:03]} Rb5 {[%clk 0:08:17]} 25. Rb1 {[%clk 0:00:47]} c4
{[%clk 0:07:31]} 26. Rxb5 {[%clk 0:00:43]} Qxb5 {[%clk 0:07:38]} 27. Qb1
{[%clk 0:00:49]} Qa4 {[%clk 0:03:38]} 28. Qb7 {[%clk 0:00:41]} Bd6
{[%clk 0:03:37]} 29. Nc6 {[%clk 0:00:37]} Qc2 {[%clk 0:03:37]} 30. Qd7
{[%clk 0:00:23]} Qxc3 {[%clk 0:03:40]} 31. Rf1 {[%clk 0:00:32]} Qa3
{[%clk 0:02:38]} 0-1